| 000 | 00420 a2200133 4500 | ||
|---|---|---|---|
| 020 | _a0443001197 | ||
| 050 |
_aRD101 _b.C47 1974 |
||
| 100 |
_aCharnley, John . _q John Charnley Trust _95287 |
||
| 245 |
_aThe closed treatment of common fractures / _c John Charnley Trust |
||
| 250 | _a3rd ed . | ||
| 260 |
_aEdinburgh : _bChurchill Livingstone, _cc1961. |
||
| 300 |
_axii, 272 p . : _b ill. ; _c26 cm . |
||
| 942 |
_2lcc _cBK _n0 |
||
| 999 |
_c2609 _d2609 |
||